| 000 | 00560nam a2200217 i 4500 | ||
|---|---|---|---|
| 001 | bg | ||
| 245 | 1 | 0 |
_aModelirovanie processov poperecno-klinovoj prokatki / _cZbignev Pater [et al.]. |
| 260 |
_aKiev : _bNUPT, _c2003. |
||
| 300 |
_a156 s. : _bil. ; _c27 cm. |
||
| 500 | _aTekst. ros. | ||
| 504 | _aBibliogr. | ||
| 650 | 9 |
_aWalcowanie _xtechnologia |
|
| 700 | 1 | _aPATER, Zbigniew | |
| 020 | _a9666120224 | ||
| 040 | _cBPK | ||
| 041 | 0 | _arus | |
| 080 | _a621.77 | ||
| 920 | _a966-612-022-4 | ||
| 942 | _cKS | ||
| 008 | s pl f |000 0 pol | ||
| 999 |
_c43752 _d43752 |
||
| 856 |
_uhttp://koha.tu.koszalin.pl/cgi-bin/koha/opac-detail.pl?biblionumber=43752 _yKatalog online BPK |
||